000 01309cam a22003734a 4500
001 4472
003 FISKH
005 20260325105204.0
008 021017s2003 nyua b 000 0 eng
010 _a 2002152288
020 _a0618247548 (acidfree paper)
020 _a9780439676748
040 _aDLC
_cDLC
_dDLC
_beng
050 _aJK1978.C48
082 _a324.973
100 1 _aChristelow, Eileen.
245 1 0 _aVote! /
_cEileen Christelow.
250 _aFirst Scholastic printing, September 2004
260 _aNew York :
_bScholastic,
_c2003.
300 _a48 pages ;
_bcolor illustrations ;
_c23 x 26 cm
505 _aG
520 _aUsing a campaign for mayor as an example, shows the steps involved in an election, from the candidate's speeches and rallies, to the voting booth where every vote counts, to the announcement of the winner.
521 8 _a420
_bLexile
521 8 _aG
_bRaz-Plus
650 0 _aVoting
_zUnited States
_vJuvenile literature.
650 0 _aElections
_zUnited States
_vJuvenile literature.
650 0 _aPolitical campaigns
_zUnited States
_vJuvenile literature.
650 1 _aVoting.
650 1 _aElections.
650 1 _aPolitics, Practical.
906 _a7
_bcbc
_corignew
_d1
_eecip
_f20
_gy-gencatlg
942 _2ddc
_cBK
_n0
999 _c4472
_d4472